000 00375nam a22001457a 4500
003 macl
005 20180407163144.0
008 180407b xxu||||| |||| 00| 0 eng d
040 _cmacl
100 _aAmitabha Basu
_971788
245 _aThe World of Thin Film Coatings
260 _aNew Delhi+
_bMinistry of Information
_c2014
650 _aScience
_971789
942 _2ddc
_cBK
999 _c57545
_d57545